The Cuckoo's Calling / (Record no. 529788)
[ view plain ]
| 000 -LEADER | |
|---|---|
| fixed length control field | 01335cam a2200385 i 4500 |
| 001 - CONTROL NUMBER | |
| control field | 17625315 |
| 003 - CONTROL NUMBER IDENTIFIER | |
| control field | NUST |
| 005 - DATE AND TIME OF LATEST TRANSACTION | |
| control field | 20191003111351.0 |
| 008 - FIXED-LENGTH DATA ELEMENTS--GENERAL INFORMATION | |
| fixed length control field | 130213s2013 nyu 000 1 eng |
| 010 ## - LIBRARY OF CONGRESS CONTROL NUMBER | |
| LC control number | 2013933193 |
| 020 ## - INTERNATIONAL STANDARD BOOK NUMBER | |
| International Standard Book Number | 9780316206846 (hardcover) |
| 038 ## - RECORD CONTENT LICENSOR | |
| Staff Name | waseem |
| 040 ## - CATALOGING SOURCE | |
| Original cataloging agency | DLC |
| Language of cataloging | eng |
| Transcribing agency | DLC |
| Description conventions | rda |
| Modifying agency | DLC |
| 042 ## - AUTHENTICATION CODE | |
| Authentication code | pcc |
| 043 ## - GEOGRAPHIC AREA CODE | |
| Geographic area code | e-uk-en |
| 050 00 - LIBRARY OF CONGRESS CALL NUMBER | |
| Classification number | PR6068.O93 |
| Item number | C83 2013 |
| 082 00 - DEWEY DECIMAL CLASSIFICATION NUMBER | |
| Classification number | 823.914 |
| Author Mark | GAL |
| 100 1# - MAIN ENTRY--PERSONAL NAME | |
| Personal name | Galbraith, Robert. |
| 9 (RLIN) | 22547 |
| 245 14 - TITLE STATEMENT | |
| Title | The Cuckoo's Calling / |
| Statement of responsibility, etc. | Robert Galbraith. |
| 250 ## - EDITION STATEMENT | |
| Edition statement | First North American edition. |
| 264 #1 - PRODUCTION, PUBLICATION, DISTRIBUTION, MANUFACTURE, AND COPYRIGHT NOTICE | |
| Place of production, publication, distribution, manufacture | New York : |
| Name of producer, publisher, distributor, manufacturer | Mulholland Books/Little, Brown and Company, |
| Date of production, publication, distribution, manufacture, or copyright notice | 2013. |
| 300 ## - PHYSICAL DESCRIPTION | |
| Extent | 455 pages ; |
| Dimensions | 26 cm. |
| 336 ## - CONTENT TYPE | |
| Content type term | text |
| Source | rdacontent |
| 337 ## - MEDIA TYPE | |
| Media type term | unmediated |
| Source | rdamedia |
| 338 ## - CARRIER TYPE | |
| Carrier type term | volume |
| Source | rdacarrier |
| 490 0# - SERIES STATEMENT | |
| Series statement | A Cormoran Strike novel ; |
| Volume/sequential designation | 1 |
| 650 #0 - SUBJECT ADDED ENTRY--TOPICAL TERM | |
| Topical term or geographic name entry element | Private investigators |
| Geographic subdivision | England |
| -- | London |
| Form subdivision | Fiction. |
| 9 (RLIN) | 11952 |
| 650 #0 - SUBJECT ADDED ENTRY--TOPICAL TERM | |
| Topical term or geographic name entry element | Afghan War, 2001- |
| General subdivision | Veterans |
| Form subdivision | Fiction. |
| 9 (RLIN) | 22597 |
| 650 #0 - SUBJECT ADDED ENTRY--TOPICAL TERM | |
| Topical term or geographic name entry element | Murder |
| General subdivision | Investigation |
| Form subdivision | Fiction. |
| 9 (RLIN) | 8002 |
| 655 #0 - INDEX TERM--GENRE/FORM | |
| Genre/form data or focus term | Detective and mystery stories |
| 9 (RLIN) | 2977 |
| 655 #7 - INDEX TERM--GENRE/FORM | |
| Genre/form data or focus term | Mystery fiction. |
| Source of term | gsafd |
| 9 (RLIN) | 5621 |
| 906 ## - LOCAL DATA ELEMENT F, LDF (RLIN) | |
| a | 7 |
| b | cbc |
| c | orignew |
| d | 2 |
| e | epcn |
| f | 20 |
| g | y-gencatlg |
| 942 ## - ADDED ENTRY ELEMENTS (KOHA) | |
| Source of classification or shelving scheme | |
| Koha item type | Book |
| Withdrawn status | Lost status | Source of classification or shelving scheme | Damaged status | Not for loan | Permanent Location | Current Location | Shelving location | Date acquired | Source of acquisition | Total Checkouts | Total Renewals | Full call number | Barcode | Date last seen | Date last checked out | Price effective from | Koha item type |
|---|---|---|---|---|---|---|---|---|---|---|---|---|---|---|---|---|---|
| Central Library (CL) | Central Library (CL) | Fiction | 10/03/2019 | Donation | 1 | 4 | 823.914 GAL | CL-D-581 | 09/04/2024 | 10/30/2022 | 10/03/2019 | Book |
